Basic Electronics (Record no. 20887)

MARC details
000 -LEADER
fixed length control field 00301nam a22001217a 4500
008 - FIXED-LENGTH DATA ELEMENTS--GENERAL INFORMATION
fixed length control field 240921b |||||||| |||| 00| 0 eng d
020 ## - INTERNATIONAL STANDARD BOOK NUMBER
ISBN 978-81-318-0640-1
100 ## - MAIN ENTRY--AUTHOR NAME
Personal name R K Garg & A Dixit
245 ## - TITLE STATEMENT
Title Basic Electronics
260 ## - PUBLICATION, DISTRIBUTION, ETC. (IMPRINT)
Place of publication Delhi
Name of publisher University Press
Year of publication 2009
300 ## - PHYSICAL DESCRIPTION
Number of Pages 469
942 ## - ADDED ENTRY ELEMENTS (KOHA)
Source of classification or shelving scheme Dewey Decimal Classification
Koha item type Books

No items available.